<?xml version="1.0" encoding="UTF-8"?><marc:collection xmlns:marc="http://www.loc.gov/MARC21/slim">
  <marc:record>
    <marc:leader>00000nam##2200000za#4500</marc:leader>
    <marc:controlfield tag="001">9.700206</marc:controlfield>
    <marc:controlfield tag="003">CaOODSP</marc:controlfield>
    <marc:controlfield tag="005">20210625000729</marc:controlfield>
    <marc:controlfield tag="007">cr |||||||||||</marc:controlfield>
    <marc:controlfield tag="008">150407|2003||||xxc|||||o    f|0| 0 eng|d</marc:controlfield>
    <marc:datafield tag="040" ind1=" " ind2=" ">
      <marc:subfield code="a">CaOODSP</marc:subfield>
      <marc:subfield code="b">eng</marc:subfield>
    </marc:datafield>
    <marc:datafield tag="043" ind1=" " ind2=" ">
      <marc:subfield code="a">n-cn---</marc:subfield>
    </marc:datafield>
    <marc:datafield tag="086" ind1="1" ind2=" ">
      <marc:subfield code="a">SC84-2/5555-1007E-MP3</marc:subfield>
    </marc:datafield>
    <marc:datafield tag="110" ind1="1" ind2=" ">
      <marc:subfield code="a">Canada.</marc:subfield>
      <marc:subfield code="b">Public Service Commission of Canada. </marc:subfield>
      <marc:subfield code="b">Language Training Canada.</marc:subfield>
    </marc:datafield>
    <marc:datafield tag="245" ind1="1" ind2="0">
      <marc:subfield code="a">Interface Canada. Teacher's book 7 audio file </marc:subfield>
      <marc:subfield code="h">[electronic resource]</marc:subfield>
    </marc:datafield>
    <marc:datafield tag="246" ind1="1" ind2=" ">
      <marc:subfield code="i">Additional title (within publication) : </marc:subfield>
      <marc:subfield code="a">Interface Canada tests. Book 7 audio file</marc:subfield>
    </marc:datafield>
    <marc:datafield tag="260" ind1=" " ind2=" ">
      <marc:subfield code="a">Ottawa - Ontario : </marc:subfield>
      <marc:subfield code="b">Public Service Commission. </marc:subfield>
      <marc:subfield code="c">2003.</marc:subfield>
    </marc:datafield>
    <marc:datafield tag="300" ind1=" " ind2=" ">
      <marc:subfield code="a">Duration: 00:41:47</marc:subfield>
    </marc:datafield>
    <marc:datafield tag="500" ind1=" " ind2=" ">
      <marc:subfield code="a">Title supplied by cataloguer. Comprised of sound files related to the print and PDF versions of: Interface Canada. Teacher's book 7 and Tests book 7. Contents: Unit 61, Presentation, Pt.1 -- Unit 62, Presentation, Pt.2 -- Unit 62, Practice 1 --Unit 62, Practice 3 -- Unit 63, Presentation -- Unit 63, Practice 1 -- Unit 63, Practice 2 -- Unit 64, Presentation -- Unit 65, Presentation -- Unit 65, Practice 2 -- Unit 66, Presentation, Pt.2 -- Unit 66, Presentation, Pt.2 with pauses -- Unit 66, Practice 2 -- Unit 67, Presentation, Pt.2 -- Unit 67, Practice 2 -- Unit 68, Presentation, Pt.1 -- Tests, Part 1, Intro. -- Tests, Relaying messages -- Tests, Relaying messages, Conversations -- Tests, Referring -- Tests, Referring, Conversations.</marc:subfield>
    </marc:datafield>
    <marc:datafield tag="520" ind1="3" ind2=" ">
      <marc:subfield code="a">INTERFACE CANADA is a series for adults studying English as a second language. The series, which covers the beginning to upper-intermediate levels, provides a functional-notional syllabus as well as a structural syllabus. The material is designed primarily to develop speaking and listening skills, with a special emphasis on language used in the office. The INTERFACE CANADA series consists of student books 1 to 8, teacher books 1 to 8, Role Playing for Consolidation – student and teacher books, and accompanying cassettes. Each book provides approximately fifty hours of classroom instruction.</marc:subfield>
    </marc:datafield>
    <marc:datafield tag="590" ind1=" " ind2=" ">
      <marc:subfield code="a">15-01-Supp</marc:subfield>
      <marc:subfield code="b">2015-01-26</marc:subfield>
    </marc:datafield>
    <marc:datafield tag="590" ind1=" " ind2=" ">
      <marc:subfield code="a">14-52-Supp</marc:subfield>
      <marc:subfield code="b">2014-08-22</marc:subfield>
    </marc:datafield>
    <marc:datafield tag="690" ind1="0" ind2="7">
      <marc:subfield code="a">Educational resources</marc:subfield>
      <marc:subfield code="2">gcpds</marc:subfield>
    </marc:datafield>
    <marc:datafield tag="690" ind1="0" ind2="7">
      <marc:subfield code="a">English language</marc:subfield>
      <marc:subfield code="2">gcpds</marc:subfield>
    </marc:datafield>
    <marc:datafield tag="690" ind1="0" ind2="7">
      <marc:subfield code="a">Teachers</marc:subfield>
      <marc:subfield code="2">gcpds</marc:subfield>
    </marc:datafield>
    <marc:datafield tag="856" ind1="4" ind2="0">
      <marc:subfield code="a">http://publications.gc.ca</marc:subfield>
      <marc:subfield code="q">MP3</marc:subfield>
      <marc:subfield code="s">2.76 MB</marc:subfield>
      <marc:subfield code="u">https://publications.gc.ca/collections/collection_2014/efpc-csps/SC84-2-5555-1007-t7-eng.mp3</marc:subfield>
    </marc:datafield>
    <marc:datafield tag="856" ind1="4" ind2="0">
      <marc:subfield code="a">http://publications.gc.ca</marc:subfield>
      <marc:subfield code="q">MP3</marc:subfield>
      <marc:subfield code="s">427 KB</marc:subfield>
      <marc:subfield code="u">https://publications.gc.ca/collections/collection_2014/efpc-csps/SC84-2-5555-1007-t7-2-1-eng.mp3</marc:subfield>
    </marc:datafield>
    <marc:datafield tag="856" ind1="4" ind2="0">
      <marc:subfield code="a">http://publications.gc.ca</marc:subfield>
      <marc:subfield code="q">MP3</marc:subfield>
      <marc:subfield code="s">5.18 MB</marc:subfield>
      <marc:subfield code="u">https://publications.gc.ca/collections/collection_2014/efpc-csps/SC84-2-5555-1007-t7-1-2-eng.mp3</marc:subfield>
    </marc:datafield>
    <marc:datafield tag="856" ind1="4" ind2="0">
      <marc:subfield code="a">http://publications.gc.ca</marc:subfield>
      <marc:subfield code="q">MP3</marc:subfield>
      <marc:subfield code="s">6.05 MB</marc:subfield>
      <marc:subfield code="u">https://publications.gc.ca/collections/collection_2014/efpc-csps/SC84-2-5555-1007-t7-2-2-eng.mp3</marc:subfield>
    </marc:datafield>
    <marc:datafield tag="856" ind1="4" ind2="0">
      <marc:subfield code="a">http://publications.gc.ca</marc:subfield>
      <marc:subfield code="q">MP3</marc:subfield>
      <marc:subfield code="s">413 KB</marc:subfield>
      <marc:subfield code="u">https://publications.gc.ca/collections/collection_2014/efpc-csps/SC84-2-5555-1007-t7-1-1-eng.mp3</marc:subfield>
    </marc:datafield>
    <marc:datafield tag="856" ind1="4" ind2="0">
      <marc:subfield code="a">http://publications.gc.ca</marc:subfield>
      <marc:subfield code="q">MP3</marc:subfield>
      <marc:subfield code="s">3.93 MB</marc:subfield>
      <marc:subfield code="u">https://publications.gc.ca/collections/collection_2014/efpc-csps/SC84-2-5555-1007-61-1-eng.mp3</marc:subfield>
    </marc:datafield>
    <marc:datafield tag="856" ind1="4" ind2="0">
      <marc:subfield code="a">http://publications.gc.ca</marc:subfield>
      <marc:subfield code="q">MP3</marc:subfield>
      <marc:subfield code="s">3.78 MB</marc:subfield>
      <marc:subfield code="u">https://publications.gc.ca/collections/collection_2014/efpc-csps/SC84-2-5555-1007-63-eng.mp3</marc:subfield>
    </marc:datafield>
    <marc:datafield tag="856" ind1="4" ind2="0">
      <marc:subfield code="a">http://publications.gc.ca</marc:subfield>
      <marc:subfield code="q">MP3</marc:subfield>
      <marc:subfield code="s">2.19 MB</marc:subfield>
      <marc:subfield code="u">https://publications.gc.ca/collections/collection_2014/efpc-csps/SC84-2-5555-1007-62-2-eng.mp3</marc:subfield>
    </marc:datafield>
    <marc:datafield tag="856" ind1="4" ind2="0">
      <marc:subfield code="a">http://publications.gc.ca</marc:subfield>
      <marc:subfield code="q">MP3</marc:subfield>
      <marc:subfield code="s">5.01 MB</marc:subfield>
      <marc:subfield code="u">https://publications.gc.ca/collections/collection_2014/efpc-csps/SC84-2-5555-1007-64-eng.mp3</marc:subfield>
    </marc:datafield>
    <marc:datafield tag="856" ind1="4" ind2="0">
      <marc:subfield code="a">http://publications.gc.ca</marc:subfield>
      <marc:subfield code="q">MP3</marc:subfield>
      <marc:subfield code="s">1.60 MB</marc:subfield>
      <marc:subfield code="u">https://publications.gc.ca/collections/collection_2014/efpc-csps/SC84-2-5555-1007-66-2-eng.mp3</marc:subfield>
    </marc:datafield>
    <marc:datafield tag="856" ind1="4" ind2="0">
      <marc:subfield code="a">http://publications.gc.ca</marc:subfield>
      <marc:subfield code="q">MP3</marc:subfield>
      <marc:subfield code="s">2.59 MB</marc:subfield>
      <marc:subfield code="u">https://publications.gc.ca/collections/collection_2014/efpc-csps/SC84-2-5555-1007-65-eng.mp3</marc:subfield>
    </marc:datafield>
    <marc:datafield tag="856" ind1="4" ind2="0">
      <marc:subfield code="a">http://publications.gc.ca</marc:subfield>
      <marc:subfield code="q">MP3</marc:subfield>
      <marc:subfield code="s">3.82 MB</marc:subfield>
      <marc:subfield code="u">https://publications.gc.ca/collections/collection_2014/efpc-csps/SC84-2-5555-1007-67-2-eng.mp3</marc:subfield>
    </marc:datafield>
    <marc:datafield tag="856" ind1="4" ind2="0">
      <marc:subfield code="a">http://publications.gc.ca</marc:subfield>
      <marc:subfield code="q">MP3</marc:subfield>
      <marc:subfield code="s">1.99 MB</marc:subfield>
      <marc:subfield code="u">https://publications.gc.ca/collections/collection_2014/efpc-csps/SC84-2-5555-1007-66-2a-eng.mp3</marc:subfield>
    </marc:datafield>
    <marc:datafield tag="856" ind1="4" ind2="0">
      <marc:subfield code="a">http://publications.gc.ca</marc:subfield>
      <marc:subfield code="q">MP3</marc:subfield>
      <marc:subfield code="s">5.78 MB</marc:subfield>
      <marc:subfield code="u">https://publications.gc.ca/collections/collection_2014/efpc-csps/SC84-2-5555-1007-68-1-eng.mp3</marc:subfield>
    </marc:datafield>
    <marc:datafield tag="856" ind1="4" ind2="0">
      <marc:subfield code="a">http://publications.gc.ca</marc:subfield>
      <marc:subfield code="q">MP3</marc:subfield>
      <marc:subfield code="s">4.97 MB</marc:subfield>
      <marc:subfield code="u">https://publications.gc.ca/collections/collection_2014/efpc-csps/SC84-2-5555-1007-62-p1-eng.mp3</marc:subfield>
    </marc:datafield>
    <marc:datafield tag="856" ind1="4" ind2="0">
      <marc:subfield code="a">http://publications.gc.ca</marc:subfield>
      <marc:subfield code="q">MP3</marc:subfield>
      <marc:subfield code="s">5.33 MB</marc:subfield>
      <marc:subfield code="u">https://publications.gc.ca/collections/collection_2014/efpc-csps/SC84-2-5555-1007-63-p1-eng.mp3</marc:subfield>
    </marc:datafield>
    <marc:datafield tag="856" ind1="4" ind2="0">
      <marc:subfield code="a">http://publications.gc.ca</marc:subfield>
      <marc:subfield code="q">MP3</marc:subfield>
      <marc:subfield code="s">4.41 |MB</marc:subfield>
      <marc:subfield code="u">https://publications.gc.ca/collections/collection_2014/efpc-csps/SC84-2-5555-1007-62-p3-eng.mp3</marc:subfield>
    </marc:datafield>
    <marc:datafield tag="856" ind1="4" ind2="0">
      <marc:subfield code="a">http://publications.gc.ca</marc:subfield>
      <marc:subfield code="q">MP3</marc:subfield>
      <marc:subfield code="s">2.95 MB</marc:subfield>
      <marc:subfield code="u">https://publications.gc.ca/collections/collection_2014/efpc-csps/SC84-2-5555-1007-63-p2-eng.mp3</marc:subfield>
    </marc:datafield>
    <marc:datafield tag="856" ind1="4" ind2="0">
      <marc:subfield code="a">http://publications.gc.ca</marc:subfield>
      <marc:subfield code="q">MP3</marc:subfield>
      <marc:subfield code="s">3.98 MB</marc:subfield>
      <marc:subfield code="u">https://publications.gc.ca/collections/collection_2014/efpc-csps/SC84-2-5555-1007-65-p2-eng.mp3</marc:subfield>
    </marc:datafield>
    <marc:datafield tag="856" ind1="4" ind2="0">
      <marc:subfield code="a">http://publications.gc.ca</marc:subfield>
      <marc:subfield code="q">MP3</marc:subfield>
      <marc:subfield code="s">4.52 MB</marc:subfield>
      <marc:subfield code="u">https://publications.gc.ca/collections/collection_2014/efpc-csps/SC84-2-5555-1007-66-p2-eng.mp3</marc:subfield>
    </marc:datafield>
    <marc:datafield tag="856" ind1="4" ind2="0">
      <marc:subfield code="a">http://publications.gc.ca</marc:subfield>
      <marc:subfield code="q">MP3</marc:subfield>
      <marc:subfield code="s">3.93 MB</marc:subfield>
      <marc:subfield code="u">https://publications.gc.ca/collections/collection_2014/efpc-csps/SC84-2-5555-1007-67-p2-eng.mp3</marc:subfield>
    </marc:datafield>
  </marc:record>
</marc:collection>
